000 00476nam a2200169Ia 4500
003 LK-CoDNM
008 010623t2006 xxu||||| |||| 00| 1 sin d
040 _aLK-CoDNM
_dLK-CoDNM
_eLK-CoDNM
041 _asin
080 _a659.3
_bWEE
100 _aWeerakoon,Indika
245 _aරූපවාහිනී ප්‍ර‍වෘත්තිකරණය
246 _aRupawahini Prauthti Karanaya
260 _bGodage
_aColombo
_c2006
300 _b144p, 21 cm
942 _cBK
999 _c126057
_d126057